Fearless - Taylor Swift Lyrics - Statistics

General Stats
  • This quiz has been taken 30 times
  • The average score is 271 of 315
Answer Stats
Answer % Correct
I
100%
a
96%
and
96%
fearless
96%
better
92%
don't
92%
dress
92%
get
92%
gets
92%
how
92%
it
92%
know
92%
than
92%
the
92%
this
92%
way
92%
you
92%
best
88%
'bout
88%
but
88%
dance
88%
first
88%
hand
88%
head
88%
in
88%
it's
88%
just
88%
looks
88%
me
88%
my
88%
out
88%
rained
88%
so
88%
something
88%
storm
88%
street
88%
take
88%
there
88%
There's
88%
there's
88%
when
88%
ask
84%
hair
84%
hands
84%
I'd
84%
i'd
84%
lot
84%
middle
84%
of
84%
oh
84%
parking
84%
right
84%
run
84%
through
84%
to
84%
wanna
84%
want
84%
we
84%
why
84%
with
84%
yeah
84%
your
84%
drag
80%
drive
80%
here
80%
making
80%
now
80%
pavement
80%
road
80%
slow
80%
'til
80%
trying
80%
we're
80%
cool
76%
down
76%
glow
76%
hard
76%
if
76%
I'm
76%
i'm
76%
not
76%
on
76%
up
76%
walk
76%
wonder
76%
you're
76%
baby
72%
capture
72%
car
72%
caught
72%
driving
72%
kiss
72%
moment
72%
really
72%
remember
72%
town
72%
usually
72%
doorway
68%
flawless
68%
horse
68%
little
68%
more
68%
off
68%
one
68%
pull
68%
stood
68%
seat
64%
shake
64%
stay
64%
absentmindedly
60%
put
60%
'cause
56%
eyes
56%
well
56%
passenger's
44%
brace
0%
No matching quizzes found
Score Distribution
Percent of People with Each Score
Percentile by Number Answered
Your Score History
You have not taken this quiz